La rebelión y otros cuentos /

Guardado en:
Autor Principal: Gallegos, Rómulo
Formato: Libro
Publicado: Buenos Aires : Espasa-calpe Argentina, 1948
Materias:
Etiquetas: Agregar Etiqueta
Sin Etiquetas, Sea el primero en etiquetar este registro!
LEADER 00649nam a22002055a 4500
001 CEM.cems002672
005 20060217000000.0
008 130507s1948##################000#0#####d
003 CEMS
082 0 4 |a V863.4 
100 1 |a Gallegos, Rómulo 
245 1 0 |a La rebelión y otros cuentos /  |c Rómulo Gallegos 
260 |a Buenos Aires :  |b Espasa-calpe Argentina,  |c 1948 
300 |a 148 p. 
653 |a Literatura 
653 |a Literatura hispanoamericana 
653 |a Novela venezolana-siglo 20 
653 |a Novelas 
859 |a CEMS  |b BIB. CEMS - 11 de abril  |h V863.4  |i G135  |p 14648.75  |t Ej.1 
859 |a CEMS  |b BIB. CEMS - 11 de abril  |h V863.4  |i G135  |p 14650.75  |t Ej.2